000 01160nam a22003257i 4500
003 EG-GICUC
005 20260121101508.0
008 251216s1969 pl ||||fr|||| 001 0 eng d
040 _aEG-GiCUC
_beng
_cEG-GiCUC
_dEG-GiCUC
_erda
041 _aeng
082 0 4 _221
_a341.23
_bBA . D
092 0 4 _221
099 _aLaw1 11 341.23 BA . D 1969
100 1 _aBasak, Adam
_eAuthor.
245 1 0 _aDecisions of the United Nations Organs in the Judgments and Opinions of the International Court of Justice /
_cAdam Basak.
264 1 _aWrocław :
_bWrocławskiego Towarzystwa Naukowego,
_c1969.
300 _a223 pages ;
_c24 cm.
336 _2rda content
_atext
337 _2rda media
_aComputer
338 _2rda carrier
_aOnline Resource
490 0 _aPrace Wrocławskiego Towarzystwa Naukowego ;
_vSeria A, Nr 138.
504 _aInclude Bibliography And Bibliographic references
546 _aText in English
650 1 4 _a United Nations
_2qrmak
650 1 4 _a International Court of Justice
_xPublic international law
651 1 _2qrmak
856 4 0 _uhttps://fll.law.cu.edu.eg/fulltext/bks/B11-05337.pdf
905 _a75
942 _2ddc
_cBK
_e21
_n0
999 _c50748
_d50748